Podniky - primárne hybné sily hospodárstva SR

Pretrvávajúci nedostatok podnikateľského správania v mnohých podnikoch v SR. Zneužívanie chýb v zvolenej koncepcii a postupe celkovej ekonomickej transformácie. Podniky ako rozhodujúce subjekty v trhovom hospodárstve.

Guardado en:
Detalles Bibliográficos
Autor principal: Sedlák, Mikuláš
Formato: Capítulo de libro
Lenguaje:eslovaco
Materias:
Etiquetas: Agregar Etiqueta
Sin Etiquetas, Sea el primero en etiquetar este registro!

MARC

LEADER 00000naa a2200000 4500
001 r024907
005 20221213095854.2
041 0 |a slo 
044 |a SK 
245 1 0 |a Podniky - primárne hybné sily hospodárstva SR  |c Mikuláš Sedlák 
520 |a Pretrvávajúci nedostatok podnikateľského správania v mnohých podnikoch v SR. Zneužívanie chýb v zvolenej koncepcii a postupe celkovej ekonomickej transformácie. Podniky ako rozhodujúce subjekty v trhovom hospodárstve. 
610 2 0 |a Slovensko 
610 2 0 |a správanie hospodárske 
610 2 0 |a podnik 
100 1 |a Sedlák, Mikuláš